| 000 | 00701nam a22002057a 4500 | ||
|---|---|---|---|
| 999 |
_c10337 _d10337 |
||
| 003 | AR-CdUCM | ||
| 008 | 190329b ||||| |||| 00| 0 spa d | ||
| 040 |
_aMUNICIPALIDAD PROVINCIAL DEL CUSCO _cBIBLIOTECA MUNICIPAL DEL CUSCO |
||
| 082 |
_aES / 800 / _bH72 |
||
| 100 |
_aHomero. _912528 |
||
| 245 | _aLa odisea / | ||
| 260 |
_aLima : _bMercurio, _c1989. |
||
| 300 |
_a263 paginas ; _c17 cm |
||
| 440 |
_aLeo. _927117 |
||
| 505 | _aContenido :Concilio de los dioses --Agora de los Itacenses -- Lo de pilos -- La balsa de Ulises -- Presentación de Ulises a los Alcinog ... | ||
| 650 |
_aLiteratura peruana _9169 |
||
| 650 |
_aLiteratura contemporánea _9759 |
||
| 942 |
_2ddc _cLIBROS |
||
| 945 | _arum | ||